000 00790nam a2200289Ia 4500
001 52453
005 20240114005306.0
007 ta
008 100803s2007 g b000 u 903 u
020 _a81-89557-77-7
040 _aCotton College,Assam
041 _a903
082 _a375
_bRe 246 Pr
100 _aReddy, B. .
245 0 _aPrinciples of Curriculum Development And Planning /
_cB.Reddy.
_hTextual Documents
250 _aIst ed /
260 _aNew Delhi :
_bArise Publishers & Distributors ,
_c2007.
300 _a280pg ;
_c19cm.
653 _aEducation
653 _aCurriculum Development And Planning
653 _aDeptt- Education
653 _aG- Education
942 _2ddc
_cBK
999 _c52417
_d52417